| 000 -LEADER |
| fixed length control field |
00890nam a22002057a 4500 |
| 003 - CONTROL NUMBER IDENTIFIER |
| control field |
OSt |
| 005 - DATE AND TIME OF LATEST TRANSACTION |
| control field |
20231107143254.0 |
| 008 - FIXED-LENGTH DATA ELEMENTS--GENERAL INFORMATION |
| fixed length control field |
231107b ||||| |||| 00| 0 eng d |
| 020 ## - INTERNATIONAL STANDARD BOOK NUMBER |
| International Standard Book Number |
9780008287603 |
| 040 ## - CATALOGING SOURCE |
| Transcribing agency |
KH8 |
| 082 ## - DEWEY DECIMAL CLASSIFICATION NUMBER |
| Classification number |
428 KEM |
| 100 ## - MAIN ENTRY--PERSONAL NAME |
| Personal name |
Kemp, Beth, |
| Relator term |
author. |
| 245 ## - TITLE STATEMENT |
| Title |
Cambridge International AS & A Level English Language : |
| Remainder of title |
Student's Book / |
| Statement of responsibility, etc. |
Beth Kemp. |
| 260 ## - PUBLICATION, DISTRIBUTION, ETC. |
| Place of publication, distribution, etc. |
United KIngdom ; |
| Name of publisher, distributor, etc. |
Harper Collins Publishers , |
| Date of publication, distribution, etc. |
2019. |
| 300 ## - PHYSICAL DESCRIPTION |
| Extent |
300 pages : |
| Dimensions |
19.3 cm x 26.5 cm. |
| 500 ## - GENERAL NOTE |
| General note |
Includes index. |
| 520 ## - SUMMARY, ETC. |
| Summary, etc. |
Cambridge International AS & A Level English Language Student's Book is structured to build skills and knowledge in a clear sequence, with in-depth, up-to-date coverage of each syllabus topic and a stimulating range of international texts to analyse, respond to and to inspire your own writing. |
| 650 ## - SUBJECT ADDED ENTRY--TOPICAL TERM |
| Topical term or geographic name entry element |
Second language |
| Form subdivision |
English |
| 942 ## - ADDED ENTRY ELEMENTS (KOHA) |
| Source of classification or shelving scheme |
|
| Koha item type |
Teaching Resources |